000 00501nam a2200181 a 4500
001 23642
003 CO-ViMGA
008 141112s2004 ck r 000 u spa d
020 _a9583011592
040 _aCO-ViMGA
_bspa
_cCO-ViMGA
082 0 4 _aARDc
100 1 _aArdila Jaramillo, Emma Luica
_934158
245 1 0 _aLa cazadora casada /
_cEmma Lucia Ardila Jaramillo
260 _aColombia :
_bpanAméricana
300 _a48p. : il.
650 1 4 _aCUENTOS INFANTILES COLOMBIANOS
_92369
942 _2ddc
_cBK
999 _c9626
_d9626